000 00960nam a2200289 i 4500
003 EG-GICUC
005 20260617091425.0
008 260617s1923 fr ||||fr|||| 00| 0 fre d
040 _aEG-GiCUC
_bfre
_cEG-GiCUC
_dEG-GiCUC
_eRda
041 0 _afre
082 0 4 _a342.352
_bLA . O
092 0 4 _221
099 _aLaw1 08 342.352 LA . O 1923
100 1 _aLacanal, P.
_eAuteur
245 1 0 _aObservations Relatives A La Proposition Paul Meunier Sur Les Garanties De La Liberté Individuelle /
_cPar P. Lacanal.
264 1 _aParis :
_bG. Ficker Librairie Générale Et Internationale,
_c{1923}
300 _a85 page,
_c 24 cm.
336 _2rda contenu
_a texte
337 _2rda medias
_aOrdinateur
338 _2 transporteur rda
_a Ressource en ligne
504 _a
546 _aTexte en français
650 1 _aDroit constitutionnel
856 4 0 _uhttps://fll.law.cu.edu.eg/fulltext/bks/B08-06411.pdf
905 _a48
942 _2ddc
_cBK
_e21
_n0
999 _c78507
_d78507